Teaching science through conservation (Record no. 1337755)

MARC details
000 -LEADER
fixed length control field 00594nam a2200205Ia 4500
005 - DATE AND TIME OF LATEST TRANSACTION
control field 20250508152634.0
008 - FIXED-LENGTH DATA ELEMENTS--GENERAL INFORMATION
fixed length control field 008 250505s9999 xx 000 0 eng d
037 ## - SOURCE OF ACQUISITION
Stock number Textual
040 ## - CATALOGING SOURCE
Original cataloging agency FEDL
Language of cataloging eng
Transcribing agency FEDL
041 ## - LANGUAGE CODE
Language code of text/sound track or separate title eng
Source of code eng
084 ## - COLON CLASSIFICATION NUMBER
Classification number 372.3, MUN
Assigning agency FEDL
100 ## - MAIN ENTRY--PERSONAL NAME
Personal name Munzer Martha E
9 (RLIN) 762039
245 #0 - TITLE STATEMENT
Title Teaching science through conservation
260 ## - PUBLICATION, DISTRIBUTION, ETC.
Place of publication, distribution, etc. New York, USA
Name of publisher, distributor, etc. McGraw-Hill Book Company
Date of publication, distribution, etc. 1960
300 ## - PHYSICAL DESCRIPTION
Extent xvii,470p
650 ## - SUBJECT ADDED ENTRY--TOPICAL TERM
Topical term or geographic name entry element Teaching Technique
700 ## - ADDED ENTRY--PERSONAL NAME
Personal name Brandwein Paul F
9 (RLIN) 762040
942 ## - ADDED ENTRY ELEMENTS (KOHA)
Koha item type Textual
Classification part 372.3, MUN
Holdings
Withdrawn status Lost status Damaged status Not for loan Home library Current library Date acquired Total Checkouts Full call number Barcode Date last seen Price effective from Koha item type
        Department of Education Library Department of Education Library 2025-05-08   372.3, MUN EL0019900 2025-05-08 2025-05-08 Textual
Copyright @ Delhi University Library System